Quick Pick: 'Light' & 'Dark' Songs Quiz Stats

 Plays Quiz Updated Oct 3, 2017

Challenge
Share
Tweet
Embed
Score 0/16 Timer 01:30
4 Plays Today
% Correct
Life
96.2%
Fire
95.8%
Georgia
94.6%
Dancing
90.4%
Dim
85.7%
Blinded
85.5%
Side
84.2%
Coming
82.4%
% Correct
Neon
75.4%
Horse
72.6%
Ray
70.3%
Dashboard
69.2%
Promises
61.5%
Lady
52.2%
Stone
44%
Piano
36.4%

Today's Daily Dose

You're not logged in!

Compare scores with friends on all Sporcle quizzes.
OR
Log In

You Might Also Like...

Show Comments

Extras

Top Quizzes Today


Score Distribution

Your Account Isn't Verified!

In order to create a playlist on Sporcle, you need to verify the email address you used during registration. Go to your Sporcle Settings to finish the process.

Report this User

Report this user for behavior that violates our Community Guidelines.

Details: